000 00494nam a2200205Ia 4500
005 20250923150419.0
008 008 250917s9999 xx 000 0 eng d
037 _aTextual
040 _aDSWL
_beng
_cDSWL
041 _aeng
_2eng
084 _qDSWL
100 _aJena, S P K
_9845684
245 0 _aHomelessness
_cby S P K Jena
260 _aOxyen
_b Routledge Pub.
_c2021
300 _a213 p.
365 _aINR
_b995
925 _g995
942 _cTEXL
999 _c1463179
_d1463179